[Event "Europe Echecs online op April"]
[Site "Europe Echecs INT"]
[Date "2020.04.11"]
[Round "8"]
[White "Bardy, Patrice"]
[Black "Dereusme, Jean Marc"]
[Result "1-0"]
[WhiteElo "1457"]
[BlackElo "1753"]
[PlyCount "63"]
[EventDate "2020.04.11"]
[EventType "swiss (blitz)"]
[EventRounds "11"]
[EventCountry "FRA"]
[SourceTitle "EXT 2021"]
[Source "ChessBase"]
[SourceDate "2020.10.23"]
[SourceVersion "1"]
[SourceVersionDate "2020.10.23"]
[SourceQuality "1"]

1. e4 e6 2. f4 d5 3. e5 d4 4. Nf3 c5 5. Bc4 Nc6 6. d3 Bd7 7. Nbd2 Na5 8. Qe2 Nxc4 9. Nxc4 Bc6 10. Bd2 a5 11. 0-0 b5 12. Nd6+ Bxd6 13. exd6 Qxd6 14. Ne5 Bb7 15. Rae1 Ne7 16. f5 0-0 17. f6 Nf5 18. fxg7 Rfe8 19. Qh5 Qc7 20. Bf4 Nxg7 21. Qg4 f5 22. Qg3 Qe7 23. Bg5 Qf8 24. Nd7 Qf7 25. Nf6+ Kh8 26. Qh4 Qg6 27. Nxe8 Rxe8 28. g3 Rg8 29. Qf4 Rf8 30. Bh4 Bd5 31. Qd6 Nh5 32. Qxf8+ 1-0

[Event "Rohde op 12th"]
[Site "Sautron"]
[Date "2012.11.??"]
[Round "6"]
[White "Dereusme, Jean Marc"]
[Black "Le Goff, Ronan"]
[Result "0-1"]
[WhiteElo "1852"]
[BlackElo "2108"]
[PlyCount "44"]
[EventDate "2012.10.27"]
[EventType "swiss"]
[EventRounds "9"]
[EventCountry "FRA"]
[SourceTitle "EXT 2014"]
[Source "ChessBase"]
[SourceDate "2013.11.20"]
[SourceVersion "1"]
[SourceVersionDate "2013.11.20"]
[SourceQuality "1"]

1. d4 d5 2. Nf3 Nf6 3. e3 g6 4. Bd3 Bg7 5. 0-0 0-0 6. Nbd2 b6 7. b3 Bb7 8. Bb2 Nbd7 9. Qe2 Ne4 10. c4 e6 11. Rac1 c5 12. Rfd1 Qe7 13. Ne5 Rfd8 14. f3 Nxd2 15. Rxd2 cxd4 16. Nxd7 dxe3 17. Qxe3 Bxb2 18. Rxb2 Rxd7 19. cxd5 Rxd5 20. Be4 Rd6 21. Rbc2 Rad8 22. Bxb7 Rd1+ 0-1

[Event "Sautron op 11th"]
[Site "Sautron"]
[Date "2012.08.31"]
[Round "2"]
[White "Dereusme, Jean Marc"]
[Black "Barbot, Pierre"]
[Result "0-1"]
[WhiteElo "1850"]
[BlackElo "2277"]
[PlyCount "108"]
[EventDate "2012.08.31"]
[EventType "swiss"]
[EventRounds "6"]
[EventCountry "FRA"]
[SourceTitle "EXT 2013"]
[Source "ChessBase"]
[SourceDate "2012.11.22"]
[SourceVersion "1"]
[SourceVersionDate "2012.11.22"]
[SourceQuality "1"]

1. d4 c5 2. d5 Nf6 3. c4 g6 4. Nc3 Bg7 5. e4 d6 6. Nf3 0-0 7. Bd3 Na6 8. 0-0 Nc7 9. h3 e5 10. Be3 Nfe8 11. Qc2 f5 12. exf5 gxf5 13. Nh2 e4 14. Be2 f4 15. Bd2 f3 16. Bd1 Bf5 17. Nxe4 fxg2 18. Re1 Qh4 19. Bg5 Qxh3 20. Re3 Bxe4 21. Rxh3 Bxc2 22. Bxc2 Nf6 23. Re1 Rae8 24. Rhe3 h6 25. Bh4 Kf7 26. Bg3 Rxe3 27. Rxe3 Nfe8 28. Nf3 Rg8 29. Bh7 Rh8 30. Bf5 h5 31. Nh4 Bd4 32. Re2 Rg8 33. Kxg2 Be5 34. Kf3 Bxg3 35. fxg3 Kf6 36. Bd7 Ng7 37. b3 Rd8 38. Bh3 b5 39. Ke4 Re8+ 40. Kd3 Rxe2 41. Kxe2 bxc4 42. bxc4 Na8 43. Ke3 Nb6 44. Bf1 Nf5+ 45. Nxf5 Kxf5 46. Kf3 Kg5 47. a3 Nd7 48. Be2 Ne5+ 49. Ke4 Ng4 50. Kf3 Kf5 51. Bd3+ Ke5 52. Bg6 Kd4 53. Bxh5 Ne5+ 54. Ke2 Nxc4 0-1

[Event "Pornic op"]
[Site "Pornic"]
[Date "2011.07.??"]
[Round "4"]
[White "Ivanov, Jordan"]
[Black "Dereusme, Jean Marc"]
[Result "1-0"]
[WhiteElo "2398"]
[BlackElo "1947"]
[PlyCount "67"]
[EventDate "2011.07.??"]
[EventType "swiss"]
[EventRounds "6"]
[EventCountry "FRA"]
[SourceTitle "EXT 2012"]
[Source "ChessBase"]
[SourceDate "2011.11.24"]
[SourceVersion "1"]
[SourceVersionDate "2011.11.24"]
[SourceQuality "1"]

1. Nf3 d5 2. c4 e6 3. d4 Nf6 4. Nc3 Nbd7 5. cxd5 exd5 6. Bg5 c6 7. e3 Bb4 8. Bd3 Qa5 9. Qc2 0-0 10. 0-0 h6 11. Bh4 Bd6 12. a3 a6 13. Rac1 Re8 14. Rfe1 Qc7 15. Bf5 g5 16. Bg3 Nf8 17. Be5 Qe7 18. Bd3 Bg4 19. Bxd6 Qxd6 20. Ne5 Bh5 21. f3 Kg7 22. f4 Ng4 23. h3 Nxe5 24. fxe5 Qe7 25. Rf1 Bg6 26. Bxg6 Nxg6 27. Rf6 Nxe5 28. dxe5 Qxe5 29. Rf3 h5 30. Rcf1 Re7 31. Qf2 Rf8 32. e4 Rd7 33. Rf5 Qe7 34. exd5 1-0